[Event "Südlohner SV 1 - SV Kamen 1"]
[Site "NRW-Klasse. Gruppe 2 2017/201"]
[Date "2017.12.17"]
[Round "4.3"]
[White "Luetke, Jens"]
[Black "Engels, Natia"]
[Result "0-1"]
[WhiteElo "2173"]
[BlackElo "2005"]
[PlyCount "128"]
[EventDate "2017.??.??"]
[WhiteTeam "SV Kamen 1"]
[BlackTeam "Südlohner SV 1"]

1. e4 c5 2. Nf3 d6 3. Bb5+ Bd7 4. Bxd7+ Qxd7 5. c4 Nc6 6. Nc3 Nf6 7. d4 cxd4 8.
Nxd4 g6 9. f3 Bg7 10. Be3 O-O 11. Qd2 Rfc8 12. b3 e6 13. O-O d5 14. Nxc6 bxc6
15. e5 Ne8 16. f4 f6 17. exf6 Bxf6 18. Rad1 Qg7 19. Na4 Rd8 20. cxd5 cxd5 21.
Qe2 Nc7 22. Kh1 Re8 23. Bc5 e5 24. Bd6 Rad8 25. Bxe5 Bxe5 26. fxe5 Rxe5 27. Qg4
Ne6 28. Rfe1 Ng5 29. h4 Rxe1+ 30. Rxe1 Ne4 31. Qe6+ Qf7 32. Qxf7+ Kxf7 33. Nb2
Rc8 34. Nd3 Ke6 35. Kg1 Rc3 36. Rd1 Nf6 37. Re1+ Kd6 38. Nf4 Ng4 39. Re6+ Kc5
40. Kf1 Rc1+ 41. Ke2 Rc2+ 42. Kf3 Nh2+ 43. Kg3 Nf1+ 44. Kg4 Rxa2 45. Kg5 d4 46.
Kh6 Ne3 47. g3 Nf5+ 48. Kxh7 Nxg3 49. Rxg6 Ne4 50. Nd3+ Kb5 51. Re6 Nf2 52.
Re5+ Kb6 53. Nf4 d3 54. Nd5+ Kc5 55. Nf6+ Kd4 56. Re7 d2 57. h5 d1=Q 58. Rd7+
Ke5 59. Rxd1 Nxd1 60. Nd7+ Ke6 61. Nc5+ Kf7 62. h6 Ne3 63. Ne4 Ra6 64. Nc5 Rc6
0-1

[Event "Südlohner SV 1 - SV Kamen 1"]
[Site "NRW-Klasse. Gruppe 2 2017/201"]
[Date "2017.12.17"]
[Round "4.4"]
[White "Funke, Reinhard"]
[Black "Kilian, Ralf"]
[Result "1/2-1/2"]
[WhiteElo "2027"]
[BlackElo "2126"]
[PlyCount "55"]
[EventDate "2017.??.??"]
[WhiteTeam "Südlohner SV 1"]
[BlackTeam "SV Kamen 1"]

1. Nf3 d5 2. d4 Nf6 3. c4 e6 4. g3 c5 5. cxd5 exd5 6. Bg2 Nc6 7. O-O Be7 8. Nc3
O-O 9. Bg5 c4 10. b3 Qa5 11. Qc2 Bg4 12. Rfd1 Rac8 13. bxc4 Nb4 14. Qb2 dxc4
15. Ne5 Be6 16. a3 Nbd5 17. Nxd5 Bxd5 18. e4 c3 19. Qc2 Bc4 20. Bxf6 gxf6 21.
Nxc4 Rxc4 22. a4 Qb6 23. Bf1 Rxd4 24. Qxc3 Rfd8 25. Rxd4 Qxd4 26. Qxd4 Rxd4 27.
f3 Rd2 28. Rc1 1/2-1/2

[Event "Südlohner SV 1 - SV Kamen 1"]
[Site "NRW-Klasse. Gruppe 2 2017/201"]
[Date "2017.12.17"]
[Round "4.5"]
[White "Georg, Felix"]
[Black "Teloeken, Daniel"]
[Result "1/2-1/2"]
[WhiteElo "2024"]
[BlackElo "1960"]
[PlyCount "40"]
[EventDate "2017.??.??"]
[WhiteTeam "SV Kamen 1"]
[BlackTeam "Südlohner SV 1"]

1. Nf3 Nf6 2. c4 g6 3. d4 Bg7 4. Nc3 d5 5. Qb3 dxc4 6. Qxc4 O-O 7. e4 c6 8. Bg5
Nbd7 9. O-O-O Nb6 10. Qd3 Qc7 11. Ne5 Ng4 12. Nxg4 Bxg4 13. f3 Be6 14. Qe3 Bc4
15. Bf4 e5 16. Bxe5 Bxe5 17. dxe5 Qxe5 18. Qd4 Qf4+ 19. Qd2 Qe5 20. Qd4 Qf4+
1/2-1/2

[Event "Südlohner SV 1 - SV Kamen 1"]
[Site "NRW-Klasse. Gruppe 2 2017/201"]
[Date "2017.12.17"]
[Round "4.6"]
[White "Teloeken, Andreas"]
[Black "Kleinegger, Frank"]
[Result "0-1"]
[WhiteElo "2004"]
[BlackElo "2100"]
[PlyCount "100"]
[EventDate "2017.??.??"]
[WhiteTeam "Südlohner SV 1"]
[BlackTeam "SV Kamen 1"]

1. e4 d6 2. d4 Nf6 3. Nc3 e5 4. Nf3 exd4 5. Nxd4 Be7 6. Bc4 O-O 7. f3 Re8 8.
Bb3 c6 9. O-O d5 10. e5 Nfd7 11. f4 Nc5 12. Kh1 a5 13. a4 Nxb3 14. Nxb3 f5 15.
Be3 Na6 16. Qd2 Bb4 17. Qf2 Be6 18. Ne2 Qd7 19. Rfd1 Qf7 20. c3 Bf8 21. Bb6
Rec8 22. Ned4 c5 23. Nf3 Rc6 24. Ng5 Qe8 25. Qh4 h6 26. Nxe6 Qxe6 27. Bd8 b6
28. c4 d4 29. Rd3 Rcc8 30. Bf6 gxf6 31. Rg3+ Kh7 32. Qh5 fxe5 33. fxe5 Ra7 34.
Rf1 Rf7 35. Rg5 Rc6 36. Rgxf5 Rxf5 37. Rxf5 Bg7 38. Nd2 Qg6 39. Qf3 Re6 40. h4
Rxe5 41. Rxe5 Bxe5 42. h5 Qf6 43. Qe4+ Kg7 44. Nf3 Bd6 45. Qg4+ Kf7 46. Qd7+
Be7 47. Qd5+ Kg7 48. Qe4 Nb4 49. g3 d3 50. Ne5 Qf1+ 0-1

[Event "Südlohner SV 1 - SV Kamen 1"]
[Site "NRW-Klasse. Gruppe 2 2017/201"]
[Date "2017.12.17"]
[Round "4.7"]
[White "Seepe, Udo"]
[Black "Darwisch, Khaled"]
[Result "1-0"]
[WhiteElo "2046"]
[BlackElo "2078"]
[Annotator "Daniel"]
[PlyCount "187"]
[EventDate "2017.??.??"]
[WhiteTeam "SV Kamen 1"]
[BlackTeam "Südlohner SV 1"]

1. Nf3 d6 2. d4 g6 3. g3 Bg7 4. Bg2 Nf6 5. O-O O-O 6. a4 Nbd7 7. a5 a6 8. Na3
e5 9. dxe5 dxe5 10. Nc4 Qe7 11. b3 $11 Rd8 12. Ba3 Qe8 13. Nfd2 Nf8 14. e4 Ne6
15. c3 Ng5 16. Qe2 Bh3 17. Rfd1 Bxg2 18. Kxg2 Qe6 19. f3 Nh5 20. Nf1 f5 21. h4
Nf7 22. Rxd8+ Rxd8 23. Rd1 Re8 24. Bc1 h6 25. b4 g5 26. hxg5 hxg5 27. exf5 Qxf5
28. Nfe3 Qg6 29. Nd2 Nd6 30. Nec4 e4 31. Nxd6 exf3+ 32. Qxf3 cxd6 33. Nc4 g4
34. Qd5+ Kh7 35. Be3 Be5 36. Bf2 Qf5 37. Ne3 Qg6 38. Qxb7+ Kg8 39. Qd7 Qe4+ 40.
Kg1 Nf6 41. Qf5 Qxf5 42. Nxf5 Ne4 43. Nh6+ Kh7 44. Nxg4 Bxc3 45. Be1 Rg8 46.
Bxc3 Rxg4 47. Be1 Nxg3 48. Bxg3 Rxg3+ 49. Kf2 Rb3 50. Rxd6 Rxb4 51. Rxa6 Kg7
52. Ke3 Kf7 53. Kd3 Ke7 54. Kc3 Ra4 55. Kb3 Ra1 56. Kb4 Kd7 57. Rh6 Kc7 58. Kb5
Rb1+ 59. Ka6 Rb2 60. Rh7+ Kb8 61. Rh6 Rb1 62. Rh8+ Kc7 63. Ka7 Rb7+ 64. Ka8 Rb5
65. a6 Rb6 66. Ka7 Rb2 67. Rh3 Rb1 68. Rc3+ Kd7 69. Rc4 Rb2 70. Ka8 Rb6 71. Ka7
Rb2 72. Rg4 Kc7 73. Rg7+ Kc8 74. Rb7 Ra2 75. Rb5 Kc7 76. Rc5+ Kd6 77. Rb5 Kc7
78. Rh5 Rb2 79. Rh7+ Kc8 80. Rh8+ Kc7 81. Ka8 Ra2 82. Rh7+ Kc8 83. a7 Rb2 84.
Rh8+ Kc7 85. Rb8 Ra2 86. Rb7+ Kc8 87. Rb5 Kc7 88. Rb4 Ra1 89. Rb3 Ra2 90. Rc3+
Kd8 91. Kb7 Rb2+ 92. Kc6 Ra2 93. Rh3 Rc2+ 94. Kd5 1-0

[Event "Südlohner SV 1 - SV Kamen 1"]
[Site "NRW-Klasse. Gruppe 2 2017/201"]
[Date "2017.12.17"]
[Round "4.8"]
[White "Hater, Wolfgang"]
[Black "Georg, Heinz"]
[Result "1-0"]
[WhiteElo "1993"]
[BlackElo "2084"]
[PlyCount "81"]
[EventDate "2017.??.??"]
[WhiteTeam "Südlohner SV 1"]
[BlackTeam "SV Kamen 1"]

1. e4 e5 2. Nf3 Nc6 3. Bb5 f5 4. d3 fxe4 5. dxe4 Nf6 6. Bg5 d6 7. Nc3 Be7 8.
Qd3 Be6 9. O-O-O O-O 10. Kb1 Kh8 11. Bxf6 Bxf6 12. Nd2 Nd4 13. Bc4 Bd7 14. Ne2
b5 15. Bd5 c6 16. Bb3 d5 17. Nxd4 exd4 18. Nf3 dxe4 19. Qxe4 Re8 20. Qf4 c5 21.
Bd5 Rc8 22. Rhe1 Qc7 23. Rxe8+ Bxe8 24. Qg4 Rd8 25. Re1 Bg6 26. Be4 Bxe4 27.
Qxe4 g6 28. h4 c4 29. h5 Kg7 30. g4 Qc5 31. g5 Bxg5 32. Rg1 Rd5 33. hxg6 hxg6
34. Qg4 Kf6 35. Nd2 Bxd2 36. Qxg6+ Ke5 37. Rh1 Qd6 38. Rh5+ Kf4 39. Qg3+ Ke4
40. Qg2+ Kf4 41. Rxd5 1-0

[Event "Godesberger SK 1 - SG Bochum 2"]
[Site "NRW-Klasse. Gruppe 2 2017/201"]
[Date "2017.12.17"]
[Round "4.1"]
[White "Tkachuk, Konstantyn"]
[Black "Seger, Ruediger"]
[Result "1/2-1/2"]
[WhiteElo "2265"]
[BlackElo "2300"]
[PlyCount "37"]
[EventDate "2017.??.??"]
[WhiteTeam "SG Bochum 2"]
[BlackTeam "Godesberger SK 1"]

1. e4 c6 2. d4 d5 3. Nc3 dxe4 4. Nxe4 Bf5 5. Ng3 Bg6 6. h4 h6 7. Nf3 e6 8. Bd3
Bxd3 9. Qxd3 Nf6 10. Bf4 Qa5+ 11. Bd2 Qc7 12. O-O Nbd7 13. c4 O-O-O 14. Bc3 Bd6
15. Ne4 Nxe4 16. Qxe4 Nf6 17. Qe2 Ng4 18. Rad1 Rhe8 19. Rfe1 1/2-1/2

[Event "Godesberger SK 1 - SG Bochum 2"]
[Site "NRW-Klasse. Gruppe 2 2017/201"]
[Date "2017.12.17"]
[Round "4.2"]
[White "Grabowski, Pawel"]
[Black "Dahm, Jochen"]
[Result "0-1"]
[WhiteElo "2282"]
[BlackElo "2208"]
[PlyCount "110"]
[EventDate "2017.??.??"]
[WhiteTeam "Godesberger SK 1"]
[BlackTeam "SG Bochum 2"]

1. d4 Nf6 2. c4 c5 3. d5 b5 4. cxb5 a6 5. bxa6 g6 6. Nc3 Bg7 7. e4 Qa5 8. Bd2
O-O 9. Nb5 Qb6 10. a7 Na6 11. Qa4 d6 12. Ba5 Qb7 13. Bc3 Bd7 14. Nxd6 exd6 15.
Qxa6 Qxa6 16. Bxa6 Rxa7 17. Bd3 Re8 18. Ne2 Nxe4 19. Bxg7 Kxg7 20. O-O Rb7 21.
Bxe4 Rxe4 22. Nc3 Rc4 23. Nd1 Rd4 24. b3 Rxd5 25. Ne3 Rd4 26. Rfd1 Be6 27. Rxd4
cxd4 28. Nf1 Rc7 29. Rd1 Rc2 30. Rd2 d3 31. f3 d5 32. Rxd3 Rxa2 33. Rd2 Ra1 34.
Rb2 Bd7 35. Kf2 Kf6 36. Ne3 Ke5 37. b4 Bb5 38. Nc2 Rf1+ 39. Ke3 f5 40. Na3 d4+
41. Kd2 Rf2+ 42. Kc1 Rxb2 43. Kxb2 Bf1 44. g3 f4 45. b5 Be2 46. b6 Bxf3 47.
Nc4+ Kf5 48. Kc2 fxg3 49. hxg3 Be4+ 50. Kd2 Kg4 51. Nd6 Bc6 52. Kd3 Kxg3 53.
Kxd4 h5 54. Ke3 h4 55. Ne4+ Kg2 0-1

[Event "Godesberger SK 1 - SG Bochum 2"]
[Site "NRW-Klasse. Gruppe 2 2017/201"]
[Date "2017.12.17"]
[Round "4.4"]
[White "Koehler, Christian Friedrich"]
[Black "Rempe, Moritz"]
[Result "1-0"]
[WhiteElo "2182"]
[BlackElo "2024"]
[PlyCount "115"]
[EventDate "2017.??.??"]
[WhiteTeam "Godesberger SK 1"]
[BlackTeam "SG Bochum 2"]

1. c4 e5 2. g3 Nf6 3. Bg2 Be7 4. Nc3 c6 5. e4 c5 6. d3 Nc6 7. f4 d6 8. Nf3 Bg4
9. h3 Bxf3 10. Qxf3 Nd4 11. Qd1 h5 12. Ne2 Qc7 13. Nxd4 cxd4 14. O-O a5 15. Bd2
b6 16. b3 Qd7 17. a3 b5 18. b4 a4 19. Rc1 bxc4 20. Rxc4 Qb5 21. Qf3 Nd7 22. h4
Bf6 23. Rfc1 Nb6 24. Rc6 Ke7 25. Rc7+ Nd7 26. Bh3 Rhd8 27. fxe5 dxe5 28. R1c5
Qb6 29. Bxd7 Rxd7 30. Rxd7+ Kxd7 31. Qxh5 g6 32. Qg4+ Ke7 33. Bg5 Qd6 34. Bxf6+
Qxf6 35. Kg2 Kd6 36. Rd5+ Ke7 37. Qd7+ Kf8 38. Rd6 Qe7 39. Qxe7+ Kxe7 40. Rc6
Kd7 41. Rc5 Kd6 42. Kf3 f6 43. Kg4 Rf8 44. Kf3 f5 45. exf5 gxf5 46. h5 Re8 47.
h6 e4+ 48. Ke2 e3 49. Rxf5 Rc8 50. Rc5 Rf8 51. Rh5 Rf2+ 52. Ke1 Ra2 53. h7 Ra1+
54. Ke2 Ra2+ 55. Kf3 Rf2+ 56. Kg4 e2 57. h8=Q e1=Q 58. Qd8+ 1-0

[Event "Godesberger SK 1 - SG Bochum 2"]
[Site "NRW-Klasse. Gruppe 2 2017/201"]
[Date "2017.12.17"]
[Round "4.5"]
[White "Tkachuk, Sergij"]
[Black "Stenzel, Thomas"]
[Result "1/2-1/2"]
[WhiteElo "2110"]
[BlackElo "2083"]
[PlyCount "163"]
[EventDate "2017.??.??"]
[WhiteTeam "SG Bochum 2"]
[BlackTeam "Godesberger SK 1"]

1. e4 e6 2. d4 d5 3. exd5 exd5 4. Nf3 Nc6 5. Bb5 Bd6 6. c4 Bb4+ 7. Nc3 Nge7 8.
Qb3 O-O 9. cxd5 Qxd5 10. Bc4 Qe4+ 11. Be3 Bxc3+ 12. Qxc3 Nd5 13. Bxd5 Qxd5 14.
O-O f6 15. b4 a6 16. a4 Be6 17. Rab1 Rfc8 18. Rfc1 Ne7 19. Ne1 Qd7 20. Qa3 Bd5
21. Rb2 Kh8 22. Nd3 Bc6 23. Ra1 Qg4 24. Ne1 Re8 25. h3 Qg6 26. Rc1 Nf5 27. Rxc6
bxc6 28. Nf3 Nd6 29. Qc3 Qe4 30. Rc2 Rab8 31. Qxc6 Rxb4 32. Qxc7 Rxa4 33. Rb2
Nb5 34. Qb6 Qd5 35. Rc2 Ra1+ 36. Kh2 Qd6+ 37. Qxd6 Nxd6 38. Rc6 Nf5 39. d5 Kg8
40. d6 Rd8 41. Bc5 Rd1 42. Rxa6 Nxd6 43. g4 Ne4 44. Be3 R8d7 45. Kg2 Kf7 46.
Rc6 R1d3 47. Rc4 Nd6 48. Rc5 Rb7 49. Nd4 Ne4 50. Rc2 Rd7 51. Nf3 Rc3 52. Rb2
Nc5 53. Nd4 Nd3 54. Rb1 Rxd4 55. Bxd4 Nf4+ 56. Kf1 Rxh3 57. Rb7+ Kg6 58. Ke1 h6
59. Ra7 Rh4 60. f3 Rh2 61. Kf1 Rc2 62. Rb7 Ne6 63. Be3 h5 64. gxh5+ Kxh5 65.
Re7 Rc6 66. Ra7 g5 67. Rh7+ Kg6 68. Ra7 f5 69. Rb7 Ra6 70. Rb6 Rxb6 71. Bxb6
Kh5 72. Kf2 Kh4 73. Be3 Kh3 74. Bb6 Kh2 75. Be3 Nf4 76. Bb6 Nh3+ 77. Ke3 Kg2
78. Bd8 Kg3 79. Be7 Kh4 80. Bd6 f4+ 81. Ke4 Kg3 82. Be7 1/2-1/2

[Event "Godesberger SK 1 - SG Bochum 2"]
[Site "NRW-Klasse. Gruppe 2 2017/201"]
[Date "2017.12.17"]
[Round "4.6"]
[White "Schulte-Geers, Niklas"]
[Black "Wuebker, Paul-Luca"]
[Result "1-0"]
[WhiteElo "2054"]
[BlackElo "2050"]
[PlyCount "67"]
[EventDate "2017.??.??"]
[WhiteTeam "Godesberger SK 1"]
[BlackTeam "SG Bochum 2"]

1. d4 d5 2. c4 e6 3. Nc3 Nf6 4. Nf3 c6 5. e3 Bd6 6. Bd3 O-O 7. O-O Nbd7 8. e4
dxe4 9. Nxe4 Nxe4 10. Bxe4 Nf6 11. Bc2 h6 12. Qe2 b6 13. b3 Bb7 14. Bb2 Re8 15.
Rad1 Qc7 16. h3 Rad8 17. Bb1 c5 18. dxc5 bxc5 19. Ne5 Ba8 20. Bc3 Qb7 21. f3
Qc7 22. Rd3 Nh5 23. f4 Qb7 24. Re3 f6 25. Rf2 Nxf4 26. Rxf4 Bxe5 27. Bxe5 fxe5
28. Rg4 Qd7 29. Kh2 Rf8 30. Reg3 Rf7 31. Qxe5 Rc8 32. Rg6 Re7 33. Rxh6 Qd1 34.
Rxe6 1-0

[Event "Godesberger SK 1 - SG Bochum 2"]
[Site "NRW-Klasse. Gruppe 2 2017/201"]
[Date "2017.12.17"]
[Round "4.7"]
[White "Fistoul, Boris"]
[Black "Kutzner, Stephen"]
[Result "1/2-1/2"]
[WhiteElo "1961"]
[BlackElo "2083"]
[PlyCount "71"]
[EventDate "2017.??.??"]
[WhiteTeam "SG Bochum 2"]
[BlackTeam "Godesberger SK 1"]

1. d4 Nf6 2. c4 g6 3. f3 d5 4. cxd5 Nxd5 5. e4 Nb6 6. Nc3 Bg7 7. Be3 O-O 8. Qd2
c6 9. O-O-O Be6 10. g4 Nc4 11. Bxc4 Bxc4 12. h4 Qa5 13. h5 Bxa2 14. Bh6 Bb3 15.
Bxg7 Kxg7 16. hxg6 fxg6 17. Qh6+ Kf7 18. Qxh7+ Ke8 19. Qxg6+ Kd7 20. d5 Qa1+
21. Nb1 cxd5 22. Ne2 Na6 23. exd5 Nc5 24. d6 Rac8 25. Nec3 Bxd1 26. Rxd1 e6 27.
Qg7+ Kc6 28. d7 Rcd8 29. Qe7 b6 30. b4 Na4 31. Qxe6+ Kb7 32. Qe4+ Kb8 33. Qe5+
Kb7 34. Qd5+ Kb8 35. Qd6+ Kb7 36. Qd5+ 1/2-1/2

[Event "Godesberger SK 1 - SG Bochum 2"]
[Site "NRW-Klasse. Gruppe 2 2017/201"]
[Date "2017.12.17"]
[Round "4.8"]
[White "Ivanov, Alexander"]
[Black "Zeldin, Vitali"]
[Result "1-0"]
[WhiteElo "1977"]
[BlackElo "1970"]
[PlyCount "57"]
[EventDate "2017.??.??"]
[WhiteTeam "Godesberger SK 1"]
[BlackTeam "SG Bochum 2"]

1. e4 c5 2. Nf3 d6 3. Bb5+ Bd7 4. Bxd7+ Qxd7 5. O-O Nc6 6. c3 g6 7. d4 cxd4 8.
cxd4 Bg7 9. Nc3 e6 10. d5 Ne5 11. Nd4 Ne7 12. f4 Nc4 13. dxe6 fxe6 14. f5 exf5
15. exf5 O-O 16. Ne6 Rxf5 17. Nxg7 Kxg7 18. Qd4+ Ne5 19. Bf4 N7c6 20. Qd2 Nc4
21. Bh6+ Kh8 22. Qe2 N4e5 23. Rxf5 gxf5 24. Rd1 Qe6 25. Bf4 Re8 26. Nb5 Rd8 27.
Nxa7 Ra8 28. Nxc6 bxc6 29. Rxd6 1-0

[Event "SG Bochum 2 - LSV Turm Lippstadt 1"]
[Site "NRW-Klasse. Gruppe 2 2017/201"]
[Date "2018.01.28"]
[Round "5.1"]
[White "Wagner, Alexej"]
[Black "Tkachuk, Konstantyn"]
[Result "1/2-1/2"]
[WhiteElo "2231"]
[BlackElo "2249"]
[PlyCount "86"]
[EventDate "2018.??.??"]
[WhiteTeam "LSV Turm Lippstadt 1"]
[BlackTeam "SG Bochum 2"]

1. d4 c5 2. d5 e5 3. e4 d6 4. Nc3 g6 5. Bb5+ Nd7 6. a4 Bg7 7. Nf3 Ne7 8. Be3
O-O 9. Qc1 f5 10. Bg5 Nf6 11. Bd3 Kh8 12. O-O f4 13. Be2 h6 14. Bxf6 Bxf6 15.
Nd2 g5 16. Qd1 Qd7 17. h3 Ng6 18. Bg4 Qe7 19. Ra3 Nh4 20. Bxc8 Raxc8 21. Qh5
Rf7 22. g3 Rg8 23. gxh4 g4 24. hxg4 Rxg4+ 25. Qxg4 Rg7 26. Qxg7+ Qxg7+ 27. Kh2
Qg4 28. Ncb1 Qe2 29. Rh3 h5 30. b3 Bd8 31. Kh1 Ba5 32. c3 Bb6 33. f3 c4 34. Rh2
Qd3 35. bxc4 Be3 36. Rg2 Kh7 37. Kh2 b6 38. Kh3 Kh6 39. Rh1 Qc2 40. Re1 Qxa4
41. Nf1 Qd7+ 42. Kh2 Qd8 43. Kh3 Qd7+ 1/2-1/2

[Event "SG Bochum 2 - LSV Turm Lippstadt 1"]
[Site "NRW-Klasse. Gruppe 2 2017/201"]
[Date "2018.01.28"]
[Round "5.2"]
[White "Koellner, Ruben Gideon"]
[Black "Hecht, Carsten"]
[Result "0-1"]
[WhiteElo "2153"]
[BlackElo "2248"]
[PlyCount "72"]
[EventDate "2018.??.??"]
[WhiteTeam "SG Bochum 2"]
[BlackTeam "LSV Turm Lippstadt 1"]

1. d4 Nf6 2. Bg5 d5 3. e3 c5 4. c3 Nc6 5. Nf3 Qb6 6. Qb3 c4 7. Qc2 Bg4 8. Nbd2
e6 9. Bxf6 gxf6 10. e4 O-O-O 11. Be2 Bh6 12. h3 Bxf3 13. gxf3 Kb8 14. O-O-O e5
15. exd5 exd4 16. dxc6 d3 17. Bxd3 Rxd3 18. Kb1 Qxc6 19. a3 Rhd8 20. Ne4 f5 21.
Ng3 Qxf3 22. Rde1 Bd2 23. Ref1 f4 24. Nf5 Bxc3 25. Rc1 Bxb2 26. Qxc4 Bxc1 27.
Rxc1 Rd1 28. Qc7+ Ka8 29. Kb2 R1d2+ 30. Rc2 Rxc2+ 31. Qxc2 Qd3 32. Qc5 Qd2+ 33.
Kb3 Rd3+ 34. Ka4 Qd1+ 35. Kb5 Qb3+ 36. Qb4 Rd5# 0-1

[Event "SG Bochum 2 - LSV Turm Lippstadt 1"]
[Site "NRW-Klasse. Gruppe 2 2017/201"]
[Date "2018.01.28"]
[Round "5.3"]
[White "Kruse, Janik"]
[Black "Stricker, Florian"]
[Result "1-0"]
[WhiteElo "2095"]
[BlackElo "2018"]
[PlyCount "57"]
[EventDate "2018.??.??"]
[WhiteTeam "LSV Turm Lippstadt 1"]
[BlackTeam "SG Bochum 2"]

1. c4 Nf6 2. Nc3 g6 3. e4 d6 4. d4 Bg7 5. f3 O-O 6. Be3 e5 7. Nge2 Nbd7 8. Qd2
c6 9. d5 Ne8 10. g4 h6 11. Ng3 Kh7 12. h4 b5 13. dxc6 b4 14. Nb5 Nb8 15. Nxa7
Qc7 16. Nxc8 Qxc8 17. h5 g5 18. Qxb4 Nxc6 19. Qd2 Nd4 20. Qd1 Qb8 21. Rh2 Nc7
22. Rd2 Nce6 23. Kf2 Bf6 24. Ne2 Nxe2 25. Bxe2 Nd4 26. b3 Ra3 27. Qb1 Qa7 28.
Kg2 Rb8 29. Bxd4 1-0

[Event "SG Bochum 2 - LSV Turm Lippstadt 1"]
[Site "NRW-Klasse. Gruppe 2 2017/201"]
[Date "2018.01.28"]
[Round "5.4"]
[White "Rempe, Moritz"]
[Black "Meier, Jan"]
[Result "1/2-1/2"]
[WhiteElo "1998"]
[BlackElo "2068"]
[PlyCount "30"]
[EventDate "2018.??.??"]
[WhiteTeam "SG Bochum 2"]
[BlackTeam "LSV Turm Lippstadt 1"]

1. e4 c5 2. Nf3 e6 3. c4 Nc6 4. Nc3 Nf6 5. d3 d5 6. Bg5 d4 7. Ne2 e5 8. Ng3 h6
9. Bd2 Be6 10. Be2 Qd7 11. O-O g5 12. a3 Be7 13. Qa4 Bd6 14. Rfb1 Ne7 15. Qc2
Ng6 1/2-1/2

[Event "SG Bochum 2 - LSV Turm Lippstadt 1"]
[Site "NRW-Klasse. Gruppe 2 2017/201"]
[Date "2018.01.28"]
[Round "5.5"]
[White "Grobbel, Rainer"]
[Black "Tkachuk, Sergij"]
[Result "0-1"]
[WhiteElo "2116"]
[BlackElo "2138"]
[PlyCount "78"]
[EventDate "2018.??.??"]
[WhiteTeam "LSV Turm Lippstadt 1"]
[BlackTeam "SG Bochum 2"]

1. d4 c5 2. d5 e5 3. c4 d6 4. Nc3 f5 5. g3 Nf6 6. Bg2 Be7 7. Qa4+ Bd7 8. Qc2
O-O 9. e4 Qc8 10. Nge2 Na6 11. f4 fxe4 12. O-O Nb4 13. Qd1 Bh3 14. fxe5 Bxg2
15. Kxg2 dxe5 16. h3 Nd3 17. b3 Qe8 18. Be3 Qg6 19. Qd2 Nh5 20. Kh2 Rf3 21. g4
Nhf4 22. Bxf4 exf4 23. Rxf3 exf3 24. Ng1 h5 25. Nxf3 hxg4 26. hxg4 Kf7 27. Qxd3
Rh8+ 28. Kg2 Qxg4+ 29. Kf2 Qg3+ 30. Ke2 Qg2+ 31. Kd1 Rh1+ 32. Ne1 f3 33. Qf5+
Bf6 34. Qe6+ Kg6 35. Qe4+ Kh6 36. Rc1 Rxe1+ 37. Qxe1 f2 38. Qe3+ Bg5 39. Qe6+
g6 0-1

[Event "SG Bochum 2 - LSV Turm Lippstadt 1"]
[Site "NRW-Klasse. Gruppe 2 2017/201"]
[Date "2018.01.28"]
[Round "5.6"]
[White "Mazarov, Juergen"]
[Black "Finke, Tobias"]
[Result "1/2-1/2"]
[WhiteElo "2075"]
[BlackElo "1945"]
[PlyCount "42"]
[EventDate "2018.??.??"]
[WhiteTeam "SG Bochum 2"]
[BlackTeam "LSV Turm Lippstadt 1"]

1. e4 e5 2. Nf3 Nf6 3. Nxe5 d6 4. Nf3 Nxe4 5. Nc3 Nf6 6. d4 d5 7. Bd3 Be7 8. h3
b6 9. O-O O-O 10. Re1 Bb7 11. Bf4 a6 12. Ne2 c5 13. Ng3 Re8 14. c3 Nc6 15. Qd2
cxd4 16. Nxd4 Nxd4 17. cxd4 Bd6 18. Bxd6 Qxd6 19. Nf5 Qf8 20. Qf4 Bc8 21. Rxe8
Nxe8 1/2-1/2

[Event "SG Bochum 2 - LSV Turm Lippstadt 1"]
[Site "NRW-Klasse. Gruppe 2 2017/201"]
[Date "2018.01.28"]
[Round "5.7"]
[White "Chapman, Alan John"]
[Black "Wuebker, Paul-Luca"]
[Result "0-1"]
[WhiteElo "1939"]
[BlackElo "2051"]
[PlyCount "86"]
[EventDate "2018.??.??"]
[WhiteTeam "LSV Turm Lippstadt 1"]
[BlackTeam "SG Bochum 2"]

1. e4 c5 2. Nf3 d6 3. d4 cxd4 4. Nxd4 Nf6 5. Nc3 g6 6. f4 Nc6 7. Bc4 Bg7 8. Nf3
O-O 9. O-O a6 10. Qe2 b5 11. Bb3 Bb7 12. e5 dxe5 13. fxe5 Nd4 14. Nxd4 Qxd4+
15. Kh1 Ne4 16. e6 f5 17. Be3 Nxc3 18. bxc3 Qxc3 19. Rad1 Bc6 20. Rd3 Qe5 21.
Qd2 Qc7 22. Bf4 Qb7 23. Rd1 Kh8 24. Qf2 a5 25. a3 Bf6 26. Bh6 Rfc8 27. h4 a4
28. Ba2 b4 29. h5 Be4 30. Rd7 Qc6 31. axb4 Bxc2 32. Bd5 Qc3 33. Rc1 Rab8 34.
Bb7 Rc4 35. Bf4 Rg8 36. Ba6 Rxb4 37. Rxc2 Rxf4 38. Qxf4 Qxc2 39. hxg6 Rxg6 40.
Rd2 Qb1+ 41. Kh2 Rg4 42. Bd3 Qe1 43. Qf2 Be5+ 0-1

[Event "SG Bochum 2 - LSV Turm Lippstadt 1"]
[Site "NRW-Klasse. Gruppe 2 2017/201"]
[Date "2018.01.28"]
[Round "5.8"]
[White "Biermann, Florian"]
[Black "Fecke, Andreas"]
[Result "1-0"]
[WhiteElo "2018"]
[BlackElo "2059"]
[PlyCount "63"]
[EventDate "2018.??.??"]
[WhiteTeam "SG Bochum 2"]
[BlackTeam "LSV Turm Lippstadt 1"]

1. g3 e5 2. c4 Nf6 3. Bg2 Be7 4. Nc3 O-O 5. d3 Re8 6. e4 c6 7. Nge2 a5 8. O-O
d6 9. h3 Na6 10. Be3 h6 11. f4 Nh7 12. Qd2 Bf8 13. Rab1 Nc5 14. g4 f6 15. f5
Be7 16. Ng3 Qd7 17. h4 Bd8 18. Rf3 Qf7 19. Rbf1 Bb6 20. Kh1 Nd7 21. Nh5 Bxe3
22. Qxe3 b6 23. Rg3 Kf8 24. Na4 Rb8 25. Rb1 Nc5 26. Nxc5 dxc5 27. a3 Qe7 28.
Rf1 Rd8 29. g5 hxg5 30. hxg5 Nxg5 31. Rxg5 Qf7 32. Rg6 1-0

[Event "SVG Plettenberg 1 - Südlohner SV 1"]
[Site "NRW-Klasse. Gruppe 2 2017/201"]
[Date "2018.01.28"]
[Round "5.1"]
[White "Kolakovic, Klaudio"]
[Black "Haub, Thorsten Michael"]
[Result "0-1"]
[WhiteElo "1971"]
[BlackElo "2386"]
[PlyCount "90"]
[EventDate "2018.??.??"]
[WhiteTeam "Südlohner SV 1"]
[BlackTeam "SVG Plettenberg 1"]

1. e4 g6 2. d4 Bg7 3. c4 d6 4. Nc3 Nd7 5. Be3 a6 6. Be2 c6 7. h4 h5 8. Qd2 Ngf6
9. f3 b5 10. Nh3 Nb6 11. cxb5 axb5 12. Ng5 Nc4 13. Bxc4 bxc4 14. O-O O-O 15.
Rfb1 Nh7 16. Nxh7 Kxh7 17. b3 cxb3 18. axb3 Be6 19. Rxa8 Qxa8 20. Ne2 Rb8 21.
b4 Bc4 22. Nf4 Qa3 23. Qc1 Qxc1+ 24. Rxc1 Rxb4 25. Rd1 Bb5 26. Nh3 Rb3 27. Kf2
Rb2+ 28. Kg3 Ra2 29. Ng5+ Kg8 30. f4 f6 31. Nf3 Re2 32. Re1 Rxe1 33. Nxe1 f5
34. e5 Kf7 35. Nc2 Ke6 36. Nb4 c5 37. dxc5 dxe5 38. fxe5 Bxe5+ 39. Bf4 Bc3 40.
Nc2 Kd5 41. Bc1 e5 42. Ba3 Kc4 43. Bc1 Kd3 44. Na3 Be1+ 45. Kh3 Bc6 0-1

[Event "SVG Plettenberg 1 - Südlohner SV 1"]
[Site "NRW-Klasse. Gruppe 2 2017/201"]
[Date "2018.01.28"]
[Round "5.2"]
[White "Bosch, Jeroen"]
[Black "Doennebrink, Elmar"]
[Result "1-0"]
[WhiteElo "2409"]
[BlackElo "2060"]
[PlyCount "63"]
[EventDate "2018.??.??"]
[WhiteTeam "SVG Plettenberg 1"]
[BlackTeam "Südlohner SV 1"]

1. c4 Nf6 2. Nc3 g6 3. e4 d6 4. d4 Bg7 5. Nf3 O-O 6. Be2 e5 7. d5 Nbd7 8. O-O
Nc5 9. Qc2 a5 10. Bg5 h6 11. Be3 b6 12. Nd2 Ng4 13. Bxg4 Bxg4 14. a3 Na6 15.
Rab1 f5 16. f3 Bh5 17. b4 f4 18. Bf2 axb4 19. axb4 g5 20. h3 Rf6 21. Rb3 Nb8
22. c5 bxc5 23. bxc5 dxc5 24. Bxc5 Rfa6 25. Bf2 Bf7 26. Rd1 c6 27. Nc4 Ra1 28.
Rbb1 Rxb1 29. Qxb1 cxd5 30. Nxd5 Nd7 31. Ndb6 Bxc4 32. Nxa8 1-0

[Event "SVG Plettenberg 1 - Südlohner SV 1"]
[Site "NRW-Klasse. Gruppe 2 2017/201"]
[Date "2018.01.28"]
[Round "5.3"]
[White "Voelker, Christian"]
[Black "Klip, Hans"]
[Result "1/2-1/2"]
[WhiteElo "2026"]
[BlackElo "2302"]
[PlyCount "38"]
[EventDate "2018.??.??"]
[WhiteTeam "Südlohner SV 1"]
[BlackTeam "SVG Plettenberg 1"]

1. e4 e5 2. f4 Bc5 3. Nf3 d6 4. Nc3 Nf6 5. Bc4 Nc6 6. d3 Bg4 7. Na4 O-O 8. Nxc5
dxc5 9. h3 Bxf3 10. Qxf3 b5 11. Bb3 Qd6 12. c3 Rad8 13. Bc2 b4 14. O-O Rfe8 15.
Ba4 Re7 16. Bxc6 Qxc6 17. fxe5 Rxe5 18. Bf4 Re6 19. Rad1 bxc3 1/2-1/2